02127cam a22003974i 4500003000900000005001700009008004100026020001500067020001800082035002000100040003300120082001700153245013300170264004800303300005300351336002100404337002500425338002300450504004000473504003400513505098000547526001001527526001001537526001001547526001001557526000801567526000801575526000801583526000801591526000801599526000801607526000801615650001901623650002801642700005901670PE-LiUPU20250731172858.0170102s2015 xxua rb 001 0 eng d a0830850945 a9780830850945 a(Sirsi) a165796 aPE-LiUPUbspacPE-LiUPUerda04a261bT4622304aThe gospel and pluralism today :breassessing Lesslie Newbigin in the 21st century /cedited by Scott W. Sunquist and Amos Yong. 1aDowners Grove :bInterVarsity Press,c2015. a238 páginas :bilustraciones ;c23 centimetros atext2rdacontent aunmediated2rdamedia avolume2rdacarrier aBibliografía : páginas 232-234. aÍndices: páginas 235-238.0 aIntroduction: the legacy of Newbigin for mission to the West / Scott W. Sunquist -- Newbigin in his time / Wilbert R. Shenk -- Newbigin's theology of mission and culture after twenty-five years : attending to the "subject" of mission / William R. Burrows -- Community and witness in transition : Newbigin's missional ecclesiology between modernity and postmodernity / Veli-Matti Kärkkäinen and Michael Karim -- Holistic theological method and theological epistemology : performing Newbigin's plurality of sources in the pluralist context / Steven B. Sherman -- Honoring true otherness in a still-antipluralist culture / Esther L. Meek -- Pluralism, secularism and Pentecost : Newbigin-ings for Missio Trinitatis in a new century / Amos Yong -- Evangelism in a pluralist society : the Newbigin vision / Carrie Boren Headington -- What does it mean for a congregation to be a hermeneutic? / John G. Flett -- Asian perspectives on twenty-first-century pluralism / Allen Yeh. aSEG42 aSEG41 aSEG40 aSEG39 aP94 aP87 aP86 aP85 aP77 aP76 aP3504aApologética.04aCristianismo y cultura.1 aSunquist, Scott W.q(Scott William),d1953- ,eeditor.